000 00605nam a22001697a 4500
003 NUST
038 _aNusrat Nadeem
082 _a200
100 _aIzhar, Ruba
_9125309
245 _aRelationship between Spousal Bereavement and Cognitive Functioning in old age; Mediatory role of Depression and Social Rhythms/
_cRuba Izhar,
264 _aIslamabad;
_bS3H NUST;
_c2024.
300 _a154,p;
_bill;
_c30,cm.
650 _aMS- Clinical Psychology
_9125310
700 _aSupervisor: Dr. Sumara Masood Ul Hasan
_9125311
856 _u http://10.250.8.41:8080/xmlui/handle/123456789/45660
942 _2ddc
_cSC
999 _c611070
_d611070